| 000 | 00813cam a2200289 i 4500 | ||
|---|---|---|---|
| 001 | 200465525 | ||
| 003 | TR-AnTOB | ||
| 005 | 20251114094659.0 | ||
| 007 | ta | ||
| 008 | 250918m20071996tu |||g |||| 00| 1 tur d | ||
| 020 | _a9789752930278 | ||
| 040 |
_aTR-AnTOB _beng _erda _cTR-AnTOB |
||
| 041 | 0 | _atur | |
| 050 | 1 | 4 |
_aPL248.U45 _bS57 2007 |
| 090 |
_aPL248.U45 _bS57 2007 |
||
| 100 | 1 |
_aÜmit, Ahmet, _d1960- _eauthor _999205 |
|
| 245 | 1 | 0 |
_aSis ve gece / _cAhmet Ümit. |
| 250 | _a17. baskı Şubat 2007 | ||
| 264 | 1 |
_aİstanbul : _bDoğan Kitapçılık, _c2007. |
|
| 300 |
_a251 pages ; _c23 cm |
||
| 336 |
_atext _btxt _2rdacontent |
||
| 337 |
_aunmediated _bn _2rdamedia |
||
| 338 |
_avolume _bnc _2rdacarrier |
||
| 650 | 7 |
_aTürk romanı _2etuturkob _99421 |
|
| 942 |
_2lcc _cBK |
||
| 999 |
_c200465525 _d83737 |
||